00000000nam##2200000za#4500
0019.671405
003CaOODSP
00520240703102705
007ta
008150407|2009||||xxc|||||     f|0| 0 eng|d
020 |a978-0-662-06915-7
040 |aCaOODSP|beng
041 |aeng
041 |afre
043 |an-cn---
0861 |aA104-78/1-2009
1102 |aCanadian Food Inspection Agency.
24510|aFood safety activity booklet
260 |aOttawa - Ontario : |bCanadian Food Inspection Agency |c[2009].
300 |a8p. : |bcoloured illus. ; |c28 cm.
500 |a"For grades K-3 (5 to 8 year olds) and everyone else interested in food safety!"
5203 |aWith its fun activities, this booklet aims to inform young children about food safety.
563 |aSoftcover
590 |a09-48|b2009-11-27
69007|aFood safety|2gcpds
7760#|tLa salubrité des aliments, cahier d'activités |w(CaOODSP)9.675012
792 |tLa salubrité des aliments, cahier d'activités |efre|w(CaOODSP)9.671406
986 |aCFIA/ACIA P0658E-09